000
00260 a2200109 4500
001
55468
082
_a
623.74632 LYN
090
_c
34422
_d
34422
100
_a
Lynch, David Jr
245
_a
Introduction to RF stealth with CD
260
_a
NY
_b
Scitech
_c
2004
942
_a
NUST-CAE
_k
623.74632 LYN
999
_c
290541
_d
290541